Langman's Medical Embrology (Record no. 9611)

MARC details
000 -LEADER
fixed length control field 00544nam a22002057a 4500
003 - CONTROL NUMBER IDENTIFIER
control field OSt
005 - DATE AND TIME OF LATEST TRANSACTION
control field 20260326115638.0
008 - FIXED-LENGTH DATA ELEMENTS--GENERAL INFORMATION
fixed length control field 260326b |||||||| |||| 00| 0 eng d
020 ## - INTERNATIONAL STANDARD BOOK NUMBER
International Standard Book Number 9781975180010
040 ## - CATALOGING SOURCE
Transcribing agency NLM
082 ## - DEWEY DECIMAL CLASSIFICATION NUMBER
Classification number QS604 S15l 2024
100 ## - MAIN ENTRY--PERSONAL NAME
Personal name Sadler T.W.
9 (RLIN) 459
245 ## - TITLE STATEMENT
Title Langman's Medical Embrology
250 ## - EDITION STATEMENT
Edition statement 15th ed.
260 ## - PUBLICATION, DISTRIBUTION, ETC. (IMPRINT)
Place of publication, distribution, etc. Phidelphia; Wolters Kluwer, 2024
300 ## - PHYSICAL DESCRIPTION
Extent xxii, 434p.; Col. Ill: 25.5cm
504 ## - BIBLIOGRAPHY, ETC. NOTE
Bibliography, etc Appendices, & index included
650 ## - SUBJECT ADDED ENTRY--TOPICAL TERM
Topical term or geographic name as entry element Medical embrology
9 (RLIN) 19554
942 ## - ADDED ENTRY ELEMENTS (KOHA)
Source of classification or shelving scheme Other/Generic Classification Scheme
Koha item type Open Shelf
Holdings
Withdrawn status Lost status Source of classification or shelving scheme Damaged status Not for loan Home library Current library Date acquired Source of acquisition Inventory number Total Checkouts Full call number Barcode Date last seen Koha item type Public note
    Other/Generic Classification Scheme     MUST Main Library MUST Main Library 26/03/2026 Purchase 26/42557   QS604 S15l 2024 2026-0051 26/03/2026 Short Loan  
    Other/Generic Classification Scheme     MUST Main Library MUST Main Library 26/03/2026 Purchase 26/42558   QS604 S15l 2024 2026-0052 26/03/2026 Open Shelf LIB. USE ONLY
    Other/Generic Classification Scheme     MUST Main Library MUST Main Library 26/03/2026 Purchase 26/42570   QS604 S15l 2024 2026-0053 26/03/2026 Open Shelf LIB. USE ONLY